Bước đầu kỹ thuật phòng thí nghiệm /
Na minha lista:
| Outros Autores: | , , , |
|---|---|
| Formato: | Sách giấy |
| Idioma: | Vietnamese |
| Publicado em: |
H. :
Đại học Tổng hợp,
1979.
|
| Tags: |
Adicionar Tag
Sem tags, seja o primeiro a adicionar uma tag!
|
| Thư viện lưu trữ: | Thư viện Trường Đại học Đà Lạt |
|---|
| LEADER | 00781nam a2200301 4500 | ||
|---|---|---|---|
| 001 | DLU140160486 | ||
| 005 | ##20110728 | ||
| 040 | # | # | |a DLU |b vie |
| 041 | # | # | |a vie |
| 044 | # | # | |a vn |
| 082 | # | # | |a 570.724 |b Buo |
| 245 | # | # | |a Bước đầu kỹ thuật phòng thí nghiệm / |c Nguyễn Đình Huyên, ... [và những người khác] |
| 260 | # | # | |a H. : |b Đại học Tổng hợp, |c 1979. |
| 300 | # | # | |a 99 tr. ; |c 27 cm. |
| 700 | # | # | |a Nguyễn Đình Huyên. |
| 700 | # | # | |a Phạm Thị Bình. |
| 700 | # | # | |a Tạ Duy Hiển. |
| 700 | # | # | |a Trương Thanh Thanh. |
| 991 | # | # | |a SH |
| 992 | # | # | |a 945 |
| 994 | # | # | |a DLU |
| 900 | # | # | |a True |
| 911 | # | # | |a Trương Thị Mỹ Lệ |
| 925 | # | # | |a G |
| 926 | # | # | |a A |
| 927 | # | # | |a SH |
| 980 | # | # | |a Thư viện Trường Đại học Đà Lạt |